000 00765nas a2200229 4500
001 BR9209704
003 BR-BrBNA
005 20231205093321.0
007 ta
008 230509b bl.|||p| |||| 00| 00por d
040 _aBR-BrBNA
_bpor
_cBiblioteca Nacional de Agricultura
041 _a(Pt)
072 _aF01
100 1 _aSonnenberg, P.E.
245 1 _aObservacoes sobre degenerescencia e comportamento em diferentes epocas de plantio de quatro variedades de batata (Solanum tuberosum L)
650 _aBATATA
650 _aEPOCA DE PLANTIO
650 _aRENDIMENTO
773 0 _tAnais da Escola de Agronomia e Veterinaria (Brazil)
_xISSN 0100-218X
_g(1972), v. 2(1) p. 83-89
_wBR9209704
909 _a202311
_bLúcia
_c55
_dLúcia Elande
942 _2AGRIS
_n0
_cANA
999 _c137492
_d137492